[Event "Sao Paulo pre olympic op (Women)"]
[Site "Sao Paulo"]
[Date "2011.05.01"]
[Round "6"]
[White "Pereira, Amanda Marques"]
[Black "Feliciano Ebert, Vanessa"]
[Result "0-1"]
[WhiteElo "1979"]
[BlackElo "2170"]
[PlyCount "76"]
[EventDate "2011.04.29"]
[EventType "swiss"]
[EventRounds "6"]
[EventCountry "BRA"]
[SourceTitle "EXT 2012"]
[Source "ChessBase"]
[SourceDate "2011.11.24"]
[SourceVersion "1"]
[SourceVersionDate "2011.11.24"]
[SourceQuality "1"]

1. e4 d6 2. d4 Nf6 3. Nc3 g6 4. f4 Bg7 5. Be2 c5 6. dxc5 Qa5 7. Qd3 Qxc5 8. Be3 Qc7 9. h3 Nbd7 10. Bf3 Nc5 11. Qd2 Bd7 12. Nge2 0-0 13. 0-0 a6 14. g4 Bc6 15. Ng3 Nfd7 16. Qf2 b5 17. a3 Qb7 18. Rab1 Nb6 19. Bd4 Bxd4 20. Qxd4 Ne6 21. Qd2 Nc4 22. Qc1 Qa7+ 23. Kh2 Qe3 24. Nd5 Bxd5 25. exd5 Nxf4 26. Qxe3 Nxe3 27. Rfe1 Nexd5 28. Ne2 Rac8 29. Nxf4 Nxf4 30. Rxe7 Rxc2+ 31. Kg3 Nd3 32. Rd1 Nxb2 33. Rxd6 Rc3 34. Rxa6 Nc4 35. Rc7 Rb3 36. Kf4 Rd8 37. Raa7 g5+ 38. Kg3 Ne5 0-1